<?xml version="1.0" encoding="UTF-8"?>
<record
    xmlns:xsi="http://www.w3.org/2001/XMLSchema-instance"
    xsi:schemaLocation="http://www.loc.gov/MARC21/slim http://www.loc.gov/standards/marcxml/schema/MARC21slim.xsd"
    xmlns="http://www.loc.gov/MARC21/slim">

  <leader>00581cas a2200157   4500</leader>
  <controlfield tag="008">150826n                            eng u</controlfield>
  <datafield tag="022" ind1=" " ind2=" ">
    <subfield code="a">12250368</subfield>
  </datafield>
  <datafield tag="035" ind1=" " ind2=" ">
    <subfield code="a">(Sirsi) a191794</subfield>
  </datafield>
  <datafield tag="050" ind1=" " ind2=" ">
    <subfield code="a">KJ1.K6S6J6</subfield>
  </datafield>
  <datafield tag="245" ind1=" " ind2=" ">
    <subfield code="a">Korean Social Science Journal</subfield>
  </datafield>
  <datafield tag="260" ind1=" " ind2=" ">
    <subfield code="a">Seoul </subfield>
    <subfield code="b"> The Korean Social Science Research Council </subfield>
    <subfield code="c"> 2002</subfield>
  </datafield>
  <datafield tag="310" ind1=" " ind2=" ">
    <subfield code="a">Bi-annually</subfield>
  </datafield>
  <datafield tag="362" ind1=" " ind2=" ">
    <subfield code="a">Vol. 29, No. 2, 2002 - Vol. 31, No. 1, 2004</subfield>
  </datafield>
  <datafield tag="520" ind1=" " ind2=" ">
    <subfield code="a">It comprises articles in social science research activities in political, economic, cultural and educational problems in comtemporary Korea</subfield>
  </datafield>
  <datafield tag="650" ind1=" " ind2=" ">
    <subfield code="a">Research</subfield>
  </datafield>
  <datafield tag="999" ind1=" " ind2=" ">
    <subfield code="c">9782</subfield>
    <subfield code="d">9782</subfield>
  </datafield>
  <datafield tag="952" ind1=" " ind2=" ">
    <subfield code="0">0</subfield>
    <subfield code="1">0</subfield>
    <subfield code="2">lcc</subfield>
    <subfield code="4">0</subfield>
    <subfield code="7">0</subfield>
    <subfield code="a">MAIN</subfield>
    <subfield code="b">MAIN</subfield>
    <subfield code="c">SERIAL</subfield>
    <subfield code="l">0</subfield>
    <subfield code="o">KJ1.K6S6J6</subfield>
    <subfield code="p">03682922002</subfield>
    <subfield code="r">2019-08-12 00:00:00</subfield>
    <subfield code="t">1</subfield>
    <subfield code="w">2019-08-12</subfield>
    <subfield code="y">SERIAL</subfield>
  </datafield>
  <datafield tag="952" ind1=" " ind2=" ">
    <subfield code="0">0</subfield>
    <subfield code="1">0</subfield>
    <subfield code="2">lcc</subfield>
    <subfield code="4">0</subfield>
    <subfield code="7">0</subfield>
    <subfield code="a">MAIN</subfield>
    <subfield code="b">MAIN</subfield>
    <subfield code="c">SERIAL</subfield>
    <subfield code="l">0</subfield>
    <subfield code="o">KJ1.K6S6J6</subfield>
    <subfield code="p">03683112004</subfield>
    <subfield code="r">2019-08-12 00:00:00</subfield>
    <subfield code="t">2</subfield>
    <subfield code="w">2019-08-12</subfield>
    <subfield code="y">SERIAL</subfield>
  </datafield>
</record>
